000 00799nam a2200217Ii 4500
003 JO-AjNU
008 230605s9999||||xx |||||||||||||| ||und||
017 _a2010/1/212
040 _aJO-AjNU
_bara
_erda
_cJO-AjNU
041 _aara
050 1 4 _aHF5679.R3564 2011
100 3 _aالرمحي، نضال محمود /م.مشارك: زياد عبدالحليم الذيبة,
_eauthor
_929592
245 0 0 _aنظم المعلومات المحاسبية
250 _aط1
264 3 1 _aعمان: دار المسيرة للنشر والتوزيع، 2011
300 _a400ص
_bيحتوي على ببلوغرافية من ص397-400ص
336 _atext
_btxt
_2rdacontent
337 _aunmediated
_bn
_2rdamedia
338 _avolume
_bnc
_2rdacarrier
650 4 _aالمحاسبة المالية
_929593
999 _aA11627
_c15195
_d15195